000 00650nam a2200253Ia 4500
001 4219
005 20240113233721.0
007 ta
008 050609s1970 g b000 u hin u
020 _cHB
040 _aCotton College Assam
041 _ahin
082 _a891.43109
_bG 647 H
100 _aGopikrishna, .
245 0 _aHindi Kavita: Badalti Dishayan /
_cGopikrishna.
_hTextual Documents
250 _a1st ed. /
260 _aAllahabad :
_bKitab mahal ,
_c1970.
300 _a59p. ;
_c22cm.
653 _aHindi poetry-Criticism
653 _aGen-Hindi
942 _2ddc
_cBK
999 _c4206
_d4206